Contemporary advertising
Saved in:
| Main Author: | |
|---|---|
| Format: | Book |
| Language: | English |
| Published: |
Chicago
Irwin
1996
|
| Edition: | 6. ed. |
| Subjects: | |
| Tags: |
No Tags, Be the first to tag this record!
|
MARC
| LEADER | 00000nam a2200000 4500 | ||
|---|---|---|---|
| 001 | c124694 | ||
| 005 | 20221221081850.6 | ||
| 020 | |a 0-256-18257-4 | ||
| 041 | 0 | |a eng | |
| 044 | |a US | ||
| 245 | 1 | 0 | |a Contemporary advertising |c William F. Arens |
| 250 | |a 6. ed. | ||
| 264 | 1 | |a Chicago |b Irwin |c 1996 | |
| 300 | |a 501 s. | ||
| 610 | 2 | 0 | |a reklama |
| 610 | 2 | 0 | |a podnikanie |
| 610 | 2 | 0 | |a stratégia podniková |
| 610 | 2 | 0 | |a spotrebitelia |
| 610 | 2 | 0 | |a správanie spotrebiteľa |
| 610 | 2 | 0 | |a tvorba reklamy |
| 610 | 2 | 0 | |a prostriedky reklamné |
| 610 | 2 | 0 | |a práca s verejnosťou |
| 610 | 2 | 0 | |a médiá |
| 610 | 2 | 0 | |a tlač |
| 610 | 2 | 0 | |a rozhlas |
| 610 | 2 | 0 | |a televízia |
| 610 | 2 | 0 | |a komunikácia marketingová |
| 610 | 2 | 0 | |a etika |
| 610 | 2 | 0 | |a marketing priamy |
| 610 | 2 | 0 | |a direct mailing |
| 610 | 2 | 0 | |a podpora predaja |
| 100 | 1 | |a Arens, William F. | |